| 000 | 00449 a2200169 4500 | ||
|---|---|---|---|
| 005 | 20260310120529.0 | ||
| 008 | 260310b |||||||| |||| 00| 0 eng d | ||
| 020 | _a9789350028803 | ||
| 040 | _cSDCL | ||
| 041 |
_2eng _aeng |
||
| 084 | _aW6.2'P R4 | ||
| 100 |
_aZoya, Hasan, _91131523 |
||
| 245 |
_aDemocracy on trial : _b Majoritarianism and dissent in India |
||
| 260 |
_aDelhi : _bAakar Books, _c2024. |
||
| 300 | _a180p. | ||
| 942 |
_cTEXL _2CC |
||
| 999 |
_c1672556 _d1672556 |
||